000 00695nam a2200229 4500
999 _c13801
_d13801
003 MIRAKIL
005 20200306133423.0
008 200306b tu ||||| |||| 00| 0 tur d
020 _a9786059121101
040 _aTR-AnCHP
_cTR-AnCHP
041 _atur
082 _aATA 956.1024
_bÜ43a 2018
100 _aÜlger, Eriş
245 1 0 _aAtatürk milliyetçiliği:
_bÖnce vatan/
_cEriş Ülger.
246 _aÖnce vatan
260 _aİstanbul:
_bKalk Kitabevi,
_c2018.
300 _a176 s.:
_bfotg.;
_c21 sm.
504 _aKaynakça vardır.
600 1 4 _91465
_aAtatürk, Gazi Mustafa Kemal
_d1881-1938
650 0 _96305
_aMilliyetçilik, Türk
_xTarih
_yAtatürk dönemi
942 _2ddc
_cBKS